World History the Modern Era. : Reading and Note Taking Study Guide /

Bewaard in:
Bibliografische gegevens
Hoofdauteur: Esler, Ellis
Formaat: Boek
Taal:English
Gepubliceerd in: PRENTICE HALL, 2006.
Onderwerpen:
Tags: Voeg label toe
Geen labels, Wees de eerste die dit record labelt!
Thư viện lưu trữ: Mạng thư viện Đại học Đà Nẵng
LEADER 00952cam a22002891a 4500
001 000033535
003 9711
005 20240927105505.0
008 151016s2006 000 eng
020 |a 0131333526 
041 |a eng 
082 |a 909  |b ES-E 
100 |a Esler, Ellis 
245 0 |a World History the Modern Era. :  |b Reading and Note Taking Study Guide /  |c Ellis Esler. 
260 |a PRENTICE HALL,  |c 2006. 
300 |a 327p. : ;  |c 28cm. 
650 |a World History 
653 |a Reading  |a History Modern 
OWN |a LNN 
AVA |a UDN50  |b LNN  |c English  |d 909ES-E  |e available  |t Error 5001 Not defined in file expand_doc_bib_avail.  |f 1  |g 0  |h N  |i 0  |j AN  |k 1 
999 |a From the UDN01 
AVA |a UDN50  |b LNN  |c English  |d 909ES-E  |e available  |t Error 5001 Not defined in file expand_doc_bib_avail.  |f 1  |g 0  |h N  |i 0  |j AN  |k 1 
TYP |a Monograph 
980 |a Mạng thư viện Đại học Đà Nẵng